1st Lines of Bon Jovi Songs - Statistics

General Stats
  • This quiz has been taken 2,662 times
    2,540 since last reset
  • The average score is 7 of 16
Answer Stats
Hint Answer % Correct
Shot through the heart, and you're to blame You Give Love a Bad Name
96%
This ain't a song for the brokenhearted It's My Life
82%
Once apon a time, not so long ago... Livin' on a Prayer
72%
This Romeo is bleeding, but you can't see his blood Always
69%
Sitting here wasted and wounded at this old piano. Bed of Roses
65%
It's all the same, only the names will change Wanted Dead or Alive
59%
On the street where you live, girls talk about their social lives Runaway
56%
Why, you want to tell me how to live my life? Have a Nice Day
40%
Rainy night and we worked all day. Born to Be My Baby
30%
(I) should have seen it coming when the roses died This Ain't a Love Song
28%
This one goes out to the man who mines for miracles We Weren't Born to Follow
28%
I spent 20 years trying to get out of this place. Who Says You Can't Go Home?
26%
Hello again, it's you and me. Kinda almost like it used to be. (You Want To) Make a Memory
20%
Everybody wants something just a little more. What Do You Got?
11%
Looking at the pages of my life, faded. All About Lovin' You
9%
The last time I saw her was the night she said goodbye. I Want You
8%
No matching quizzes found
Score Distribution
Percent of People with Each Score
Percentile by Number Answered
Your Score History
You have not taken this quiz since the last reset